000 00566nam a2200181Ia 4500
008 151018s9999 xx 000 0 und d
082 _bRBASDV19756
_a891.463
100 _aभीमराव कुलकर्णी
245 _aओंकार
250 _b3
260 _bउत्कर्ष प्रकाशन पुणे
_c1987
300 _a314
600 _aभीमराव कुलकर्णी
630 _aओंकार
700 _aभीमराव कुलकर्णी
730 _aओंकार
942 _cBOOK
999 _c1020384
_d1020381